000
00296nam a2200145Ia 4500
003
OSt
005
20231123065057.0
008
170523s9999 xx 000 0 und d
020
_a
0-07-113222-8
040
_c
IIMT
100
_a
BARTOL
245
0
_a
MANAGEMENT
260
_b
PHI
942
_2
ddc
_c
02
999
_c
1850
_d
1850